People in history - Statistics

General Stats
  • This quiz has been taken 112 times
  • The average score is 7 of 12
Answer Stats
Picture Answer % Correct
Rasputin
95%
Marie Curie
90%
Nikola Tesla
82%
Vincent Van Gogh
78%
Ernest Hemingway
69%
Walt Disney
67%
Charles Darwin
64%
Nikita Khrushchev
54%
William Howard Taft
37%
John Brown
19%
Stanley Kubrick
7%
Katherine Johnson
1%
No matching quizzes found
Score Distribution
Percent of People with Each Score
Percentile by Number Answered
Your Score History
You have not taken this quiz